000 00794 a2200253 4500
003 OSt
005 20180116192355.0
008 120607t xxu||||| |||| 00| 0 eng d
010 _a 2010012093
020 _a9781412980081 (pbk.)
020 _a1412980089 (pbk.)
035 _a(OCoLC)ocn593629359
040 _c0
082 0 0 _a301
100 1 _aNewman, David M.,
_94349
245 1 0 _aSociology :
_bexploring the architecture of everyday life, brief edition /
_cDavid M. Newman.
250 _a2nd ed.
260 _aThousand Oaks, Calif. :
_bPine Forge Press,
_cc2011.
300 _axxi, 286 p. :
_bill. ;
_c26 cm.
500 _aIncludes index
650 0 _aSociology.
_94350
942 _aSADA
_cBK
_k301 NEW 2011
_2ddc
999 _c353100
_d353100